000 00747nam a2200241Ia 4500
003 OSt
005 20220927105245.0
006 a|||||r|||| 00| 0
007 ta
008 220926b |||||||| |||| 00| 0 eng d
024 _a159530
037 _cReference Collections
040 _aRTL
_cRTL
_beng
041 _2eng
_aeng
082 _a"a46,1m2,N86, M6.2"
110 _aINDIA INFORMATION AND BROADCASTING (Ministry of-)
_9371312
245 0 _a"Press in india, 1986"
260 _aNew
_bDelhi Ministry of information and broadcasting
_c1988
300 _a1538p
_ccm.
700 _aINDIA INFORMATION AND BROADCASTING (Ministry of-)
_9371313
942 _h"a46,1m2,N86, M6.2"
_cCC
999 _c691528
_d691528